MyGZULibrary

The essence of total quality management / (Record no. 7160)

MARC details
000 -LEADER
fixed length control field 00893cam a2200265 a 4500
001 - CONTROL NUMBER
control field 2962094
003 - CONTROL NUMBER IDENTIFIER
control field GZU
005 - DATE AND TIME OF LATEST TRANSACTION
control field 20210505115552.0
008 - FIXED-LENGTH DATA ELEMENTS--GENERAL INFORMATION
fixed length control field 911125s1992 nyua b 001 0 eng
010 ## - LIBRARY OF CONGRESS CONTROL NUMBER
LC control number 91042817
020 ## - INTERNATIONAL STANDARD BOOK NUMBER
International Standard Book Number 013284902X
040 ## - CATALOGING SOURCE
Original cataloging agency DLC
Transcribing agency DLC
Modifying agency DLC
050 00 - LIBRARY OF CONGRESS CALL NUMBER
Classification number HD62.15
Item number .B36 1992
082 00 - DEWEY DECIMAL CLASSIFICATION NUMBER
Classification number 658.5/62
Edition number 20
100 1# - MAIN ENTRY--PERSONAL NAME
Personal name Bank, John.
245 14 - TITLE STATEMENT
Title The essence of total quality management /
Statement of responsibility, etc. John Bank.
260 ## - PUBLICATION, DISTRIBUTION, ETC.
Place of publication, distribution, etc. New York :
Name of publisher, distributor, etc. Prentice Hall,
Date of publication, distribution, etc. 1992.
300 ## - PHYSICAL DESCRIPTION
Extent xviii, 203 p. :
Other physical details ill. ;
Dimensions 23 cm.
440 #4 - SERIES STATEMENT/ADDED ENTRY--TITLE
Title The essence of management series
504 ## - BIBLIOGRAPHY, ETC. NOTE
Bibliography, etc. note Includes bibliographical references and index.
650 #0 - SUBJECT ADDED ENTRY--TOPICAL TERM
Topical term or geographic name entry element Total quality management.
906 ## - LOCAL DATA ELEMENT F, LDF (RLIN)
a 7
b cbc
c orignew
d 1
e ocip
f 19
g y-gencatlg
942 ## - ADDED ENTRY ELEMENTS (KOHA)
Source of classification or shelving scheme Library of Congress Classification
Koha item type Books
Classification part 62.15
Item part BAN
Call number prefix HD
Call number suffix 1992
Holdings
Withdrawn status Lost status Damaged status Not for loan Collection code Home library Current library Shelving location Date acquired Total Checkouts Full call number Barcode Date last seen Copy number Price effective from Koha item type
        Non-fiction Mashava Campus Library Mashava Campus Library General Stacks 05/05/2021   HD 62.15 BAN 1992 3588 05/05/2021 c.1 05/05/2021 Books